000 01087nam a22003377c 4500
001 58508
003 CO-BoRNBP
005 20250825164446.0
007 ta
008 210726b2017 ck a|||b |||| 00| 1 spa d
020 _a9789588962344
040 _aCO-BoRNBP
_bspa
_erda
_cCO-BoRNBP
041 0 _aspa
043 _as-ck---
082 0 4 _a398.2
_bD36d
_223
084 _aLM DIO
100 _aContreras, Mauricio,
_d1960-
_eaut
_963389
245 1 3 _aEl dios del trueno y el arco iris /
_cMauricio Contreras.
250 _aPrimera edición
264 1 _aBogotá, Colombia :
_bTiempo de leer,
_c2017
300 _a36 páginas :
_bilustraciones
336 _2rdacontent
_atexto
_btxt
337 _2rdamedia
_asin mediación
_bn
338 _2rdacarrier
_avolumen
_bnc
490 0 _aColección voces y huellas
521 _aRecomendado para un público mayor de 12 años
650 0 7 _aLeyendas indígenas colombianas
_2lemb
_928496
650 0 4 _aLiteratura colombiana
_2LEMB
_91068
650 0 7 _aMitología indígena
_zLlanos Orientales (Región, Colombia)
_2lemb
_963390
942 _2ddc
_cBK
999 _c58508
_d58508